00281nam a2200109Ia 4500008004100000100002400041245003200065260003100097650001900128942000700147999001700154190216s9999||||xx |||||||||||||| ||und|| aSaran & Bandari 4aThe March Of Indian History bRajit Printers &publishers aIndian History cBK c18607d18607